000 00458nam a2200157Ia 4500
003 GCL
005 20240530103850.0
008 140319s9999 xx 000 0 ara d
040 _aGCL /
_cGCL
082 0 4 _a811.009
_bم د
100 0 _aمحمد غنيمى هلال
245 1 0 _aدراسات ونماذج فى مذاهب الشعر ونقده /
_cمحمد غنيمى هلال
300 _a365 ص
650 0 4 _aالشعر العربى
942 _2ddc
_cBK
999 _c43085
_d43085